Sports Quiz

Random Sports or NFL Quiz

NFL Offensive Rookie of the Years Quiz Stats

 Plays Quiz not verified by Sporcle

Challenge
Share
Tweet
Embed
Score 0/43 Timer 06:00
0 Plays Today
Year Rookie % Correct
2007Adrian Peterson
99.1%
2008Matt Ryan
94.7%
2006Vince Young
89.8%
2009Percy Harvin
87.6%
2004Ben Roethlisberger
87%
2003Anquan Boldin
83.6%
2005Cadillac Williams
83.3%
1990Emmitt Smith
82.4%
1999Edgerrin James
78.9%
1998Randy Moss
77.7%
1989Barry Sanders
76.2%
1994Marshall Faulk
70.6%
1996Eddie George
63.2%
1972Franco Harris
54.8%
2002Clinton Portis
54.5%
1983Eric Dickerson
53.3%
2000Mike Anderson
52.3%
1979OJ Anderson
52%
1997Warrick Dunn
51.4%
1982Marcus Allen
50.5%
2001Anthony Thomas
48.3%
1978Earl Campbell
48%
Year Rookie % Correct
1975Mike Thomas
47.7%
1995Curtis Martin
42.4%
1977Tony Dorsett
42.1%
1993Jerome Bettis
41.8%
1985Eddie Brown
35%
1976Sammy White
32.5%
1980Billy Sims
28.5%
1981George Rogers
24.8%
1974Don Woods
24.1%
1992Carl Pickens
18.9%
1969Calvin Hill
15.8%
1973Chuck Foreman
13.9%
1984Louis Lipps
11.8%
1986Reuben Mayes
7.7%
1971John Brockington
5.3%
1988John Stephens
4.6%
1991Leonard Russell
4%
1970Dennis Shaw
2.8%
1967Mel Farr
2.2%
1987Troy Stradford
2.2%
1968Earl McCullouch
1.2%

You're not logged in!

Compare scores with friends on all Sporcle quizzes.
OR
Log In

You Might Also Like...

Show Comments

Extras

Top Quizzes Today


Score Distribution

Your Account Isn't Verified!

In order to create a playlist on Sporcle, you need to verify the email address you used during registration. Go to your Sporcle Settings to finish the process.

Report this User

Report this user for behavior that violates our Community Guidelines.

Details: